Observatori de polítiques educatives locals : informe 2009 / [coordinació: Àrea d'Educació. Gerència de Serveis d'Educació] informe 2009 / [coordinació:
ISBN:
978-84-9803-378-6
Publicado:
Barcelona :
Diputació de Barcelona. Àrea d'Educació. Gerència de Serveis d'Educació ,
2010
Descripción Física:
93 p. ; 29 cm
Colección:
Documents de treball. Educació ; 6
MARC
| LEADER | 00000nam a2200000Ia 4500 | ||
|---|---|---|---|
| 001 | 22503 | ||
| 008 | 160829s2010 xx 000 0 cat d | ||
| 020 | |a 978-84-9803-378-6 | ||
| 080 | |a E-1-384 | ||
| 245 | |a Observatori de polítiques educatives locals : |b informe 2009 / [coordinació: |b Àrea d'Educació. Gerència de Serveis d'Educació] | ||
| 260 | |a Barcelona : |b Diputació de Barcelona. Àrea d'Educació. Gerència de Serveis d'Educació, |c 2010 | ||
| 300 | |a 93 p. ; |c 29 cm | ||
| 490 | |a Documents de treball. Educació ; 6 | ||
| 650 | 0 | |a Educació |z Barcelona (Província} |9 40056 | |
| 651 | 0 | |a Barcelona (Catalunya : Província) |x Política educativa |9 53806 | |
| 710 | |a Barcelona (Catalunya : Província). |b Gerència de Serveis d'Educació |9 52167 | ||
| 901 | |a Arxiu | ||
| 942 | |n 1 | ||
| 952 | |0 0 |1 0 |4 0 |6 E1384 |7 1 |9 51397 |a Arxiu |b Arxiu |d 2016-12-01 |l 0 |o E-1-384 |p 22503 |r 2016-12-01 00:00:00 |w 2016-12-01 |y ARXIU | ||
| 999 | |c 55241 |d 55241 | ||